|
|
|
|
| LEADER |
00000nam0a2200000 4500 |
| 001 |
76450 |
| 005 |
20231031091653.0 |
| 010 |
|
|
|a 5819202082
|
| 035 |
|
|
|a (RuTPU)RU\TPU\book\81918
|
| 090 |
|
|
|a 76450
|
| 100 |
|
|
|a 20050421d2004 k y0rusy50 ca
|
| 101 |
0 |
|
|a rus
|
| 102 |
|
|
|a RU
|
| 105 |
|
|
|a y c 001zy
|
| 200 |
1 |
|
|a Книга в России, 1850-1917
|e материалы к указателю отечественной литературы за 1990-1997 гг.
|f Российская национальная библиотека
|
| 210 |
|
|
|a СПб.
|c Российская национальная библиотека
|d 2004
|
| 215 |
|
|
|a 127 с.
|
| 320 |
|
|
|a Указатель имен: с. 112-127.
|
| 610 |
1 |
|
|a библиографические пособия
|
| 610 |
1 |
|
|a книги
|
| 610 |
1 |
|
|a книговедение
|
| 610 |
1 |
|
|a издательское дело
|
| 610 |
1 |
|
|a история
|
| 610 |
1 |
|
|a Россия
|
| 610 |
1 |
|
|a 19 век
|
| 610 |
1 |
|
|a 20 век
|
| 610 |
1 |
|
|a книготорговля
|
| 610 |
1 |
|
|a цензура
|
| 610 |
1 |
|
|a библиотечное дело
|
| 610 |
1 |
|
|a оформление книги
|
| 610 |
1 |
|
|a история книги
|
| 610 |
1 |
|
|a история библиографии
|
| 610 |
1 |
|
|a история библиотек
|
| 610 |
1 |
|
|a история библиофильства
|
| 686 |
|
|
|a Я17
|v LBC/SL-A
|2 rubbk
|
| 686 |
|
|
|a Ч611.68
|v LBC/SL-A
|2 rubbk
|
| 712 |
0 |
2 |
|a Российская национальная библиотека
|2 stltpush
|3 (RuTPU)RU\TPU\col\146
|
| 801 |
|
1 |
|a RU
|b 63413507
|c 20050421
|g PSBO
|
| 801 |
|
2 |
|a RU
|b 63413507
|c 20061011
|g PSBO
|
| 942 |
|
|
|c BK
|
| 959 |
|
|
|a 43/20050418
|d 1
|e 45,65
|f РФ:1
|